000 00319nam a22001217a 4500
008 170331b xxu||||| |||| 00| 0 eng d
041 _aeng
080 _a617
100 _a8
101 _aSHM
245 _aCURRENT ISSUES OF MAGNETIC RESONANCE IMAGING IN ORTHOPAEDICS AND SPORTS MEDICINE
_cSTOLLER, D.W
942 _2udc
_cBK
999 _c9342
_d9342